| 000 | 00620nam a2200229 a 4500 | ||
|---|---|---|---|
| 001 | 14190 | ||
| 003 | BD-JhCC | ||
| 005 | 20250209082750.0 | ||
| 008 | 250209b20032016ii |||| ||a| 000 0 eng d | ||
| 020 | _a817992162X | ||
| 035 | _a(BD-JhCC)14190 | ||
| 040 |
_aBD-JhCC _dBD-JhCC |
||
| 041 | _aeng | ||
| 082 |
_a158.4 _bSHA 2016 |
||
| 100 | _a Sharma, Robin S. | ||
| 245 |
_aThe monk who sold his Ferrari : a fable about fulfilling your dreams / _cRobin S. Sharma |
||
| 260 |
_aIndia: _bJaico Pub; _c2016. |
||
| 300 |
_a197 p . _c20 cm. |
||
| 650 | _aSelf-help and meditation | ||
| 942 |
_2ddc _cBK |
||
| 999 |
_c14190 _d14190 |
||